000 00390nam a22001457a 4500
020 _a19 561511 5
082 _a625.0635
_bWOR
_cD
100 _aWorld Bank
_919601
245 _aLabour-based construction programs
260 _aWashington
_bThe World Bank
300 _axviii, 373p. :
_bill. :
_c12 Cm
526 _a0
_b0
_c0
_d625_063500000000000_WOR
650 _aMCE
_9379
942 _2ddc
_cBK
999 _c547277
_d547277